| 000 | 00576nam a2200229 a 4500 | ||
|---|---|---|---|
| 999 |
_c11762 _d11762 |
||
| 001 | 11762 | ||
| 003 | BD-JhCC | ||
| 005 | 20200903081022.0 | ||
| 008 | 200903b19982013enka|||| ||a| 001 0 eng d | ||
| 020 | _a9781409340256 | ||
| 035 | _a(BD-JhCC)11762 | ||
| 040 |
_aBD-JhCC _dBD-JhCC |
||
| 041 | _aeng | ||
| 082 |
_a912 _bDOR 2013 |
||
| 100 | _aKindersley, Dorling | ||
| 245 |
_aStudent Atlas/ _c Dorling Kindersley, |
||
| 260 |
_aEngland: _bDK; _c2013. |
||
| 300 |
_a216 P.: _bill : _c29 cm. |
||
| 650 |
_aChildren's atlases _vAtlases |
||
| 942 |
_2ddc _cBK |
||